| 000 | 00728cam a22002173a 4500 | ||
|---|---|---|---|
| 001 | 39003 | ||
| 003 | PGUSA | ||
| 005 | 20140828083848.0 | ||
| 008 | 120228s2012||||xxu|||||s|||||000 | eng d | ||
| 040 |
_aPGUSA _beng |
||
| 042 | _adc | ||
| 100 | 1 |
_aJones, John P. _q(John Percival), _d1829-1912 |
|
| 245 | 1 | 0 |
_aMoney : _bSpeech of Hon. John P. Jones, of Nevada, On the Free Coinage of Silver; in the United States Senate, May 12 and 13, 1890 _h[electronic resource] / _cJohn P. Jones |
| 260 |
_bProject Gutenberg, _c2012 |
||
| 506 | _aPublic domain in the USA. | ||
| 516 | _aElectronic text | ||
| 653 | _aSilver question | ||
| 830 | 0 |
_aProject Gutenberg _v39003 |
|
| 856 | 4 | 0 | _uhttp://www.gutenberg.org/ebooks/39003 |
| 942 | _cEB | ||
| 999 |
_c268256 _d268256 |
||